Product and process design principles: synthesis, analysis, and evaluation

Guardat en:
Dades bibliogràfiques
Autors principals: Seider, Warren D (Autor), Seader, J. D (Autor), Lewin, Daniel R (Autor)
Format: Llibre
Idioma:anglès
Publicat: Nueva Delhi John Wiley and Sons Inc. 2005
Edició:2a. ed
Matèries:
Etiquetes: Afegir etiqueta
Sense etiquetes, Sigues el primer a etiquetar aquest registre!

MARC

LEADER 00000cam a2200000 a 4500
001 UCF5523
003 CL-VaPUC
008 130318e20050000II |||||||||||||||||eng|d
020 |a 9788126520329 
082 0 4 |a 660.2812  |b SEI  |2 21 
100 0 |a Seider, Warren D  |e author  |9 567473 
700 0 |a Seader, J. D  |e author  |9 567474 
700 0 |a Lewin, Daniel R  |e author  |9 567475 
245 1 0 |a Product and process design principles: synthesis, analysis, and evaluation 
250 |a 2a. ed 
300 |a 802 p 
942 |c BK 
945 |d 20130318 00:00:00  |a dcastane 
260 |a Nueva Delhi  |b John Wiley and Sons Inc.  |c 2005 
500 |a Incluye CD 
650 0 |a Procesos químicos  |9 259436 
650 0 |a Integración   |9 316470 
650 7 |a INDUSTRIA QUIMICA  |2 CL-VaPUC  |9 567476 
583 |a last modification  |c 20130318 11:20:00  |k Rodrigo Vera 
999 |c 351037  |d 351035 
952 |0 0  |1 0  |4 0  |6 660_281200000000000_SEI_2005  |7 0  |8 A  |9 454909  |a BIBING  |b BIBING  |d 2019-11-22  |i 4954629  |o 660.2812 SEI 2005  |p 4954629  |r 2025-01-20  |w 2019-11-22  |y BK  |k EIQ